[Event "EU-ch Online U16 Girls"]
[Site "Tornelo INT"]
[Date "2020.09.20"]
[Round "8"]
[White "Gelders, Hanne"]
[Black "Pohle, Saskia"]
[Result "1-0"]
[WhiteElo "1447"]
[BlackElo "1749"]
[PlyCount "67"]
[EventDate "2020.09.18"]
[EventType "swiss (rapid)"]
[EventRounds "9"]
[EventCountry "NET"]
[SourceTitle "EXT 2023"]
[Source "ChessBase"]
[SourceDate "2022.10.05"]
[SourceVersion "1"]
[SourceVersionDate "2022.10.05"]
[SourceQuality "1"]
[WhiteTeam "Belgien"]
[BlackTeam "Germany"]
[WhiteTeamCountry "BEL"]
[BlackTeamCountry "GER"]

1. d4 Nf6 2. e3 g6 3. Bd3 Bg7 4. Nf3 0-0 5. 0-0 d5 6. b3 Nbd7 7. Bb2 c5 8. Nbd2 b6 9. Rc1 Bb7 10. Re1 Rc8 11. a3 e6 12. e4 dxe4 13. Nxe4 Nxe4 14. Bxe4 Bxe4 15. Rxe4 Nf6 16. Re2 Nd5 17. c4 Nf6 18. Qc2 Qc7 19. Rce1 Rfd8 20. Bc3 b5 21. Qb2 Ng4 22. Re4 cxd4 23. Bxd4 Bxd4 24. Rxd4 Nh6 25. cxb5 Nf5 26. Rd2 Qa5 27. Red1 Rxd2 28. Rxd2 Qxb5 29. Rc2 Rd8 30. Qb1 Qd3 31. Rc1 Qd7 32. b4 Qa4 33. Qa1 Qa6 34. Ng5 1-0